00968 2200337 4500001002100000005001500021035002000036007000300056040001700059245005600076250001200132300003500144504003000179020001800209041000800227082000800235084001400243090002100257264006000278336002100338337003000359338002300389650001400412700004900426700004900475850001000524008004100534500002500575990001500600990001500615INLIS00000000000857720260518015304 a0010-0922001066ta aSBPUPADbind aIlmu Bedah Kebidanan /cEditor, Hanifa Wiknjosastro a.-Cet.8 axiv, 294 hlm :bilus. ;c24 cm aBibliografi, hlm. 287-288 a979-8150-00-707aind a617 a617 ILM i a618.2 JOA e 18-5 a.--Jakarta :bBina Pustaka Sarwono Prawirahardjo,c2010 2rdacontentateks 2rdamediaatanpa perantara 2rdacarrieravolume 4aKebidanan0 aEditor ke-2, Abdul Bari SaifuddinePengarang0 aEditor ke-3, Trijatmo RachimhadhiePengarang aPUPAD260518 0  aIndeks, hlm. 289-294 a879-B/2013 a878/B/2013